Starting out with JAVA: From control structures through object (Record no. 172173)

MARC details
000 -LEADER
fixed length control field 00398nam a2200145Ia 4500
008 - FIXED-LENGTH DATA ELEMENTS--GENERAL INFORMATION
fixed length control field 230917s9999||||xx |||||||||||||| ||und||
040 ## - CATALOGING SOURCE
-- 204173
Original cataloging agency VIVEKANANDA LIBRARY
041 ## - Language
-- English
082 ## - DDC NUMBER
Classification number 005.133 G117S(4)
100 ## - MAIN ENTRY--PERSONAL NAME
Personal name Gaddis, Tony
245 #0 - TITLE STATEMENT
Title Starting out with JAVA: From control structures through object
260 ## - PUBLICATION, DISTRIBUTION, ETC. (IMPRINT)
Place of publication, distribution, etc New Delhi
Name of publisher, distributor, etc Pearson Education
Date of publication, distribution, etc 2011
300 ## - PHYSICAL DESCRIPTION
Pages 1001 p.
942 ## - ADDED ENTRY ELEMENTS (KOHA)
Koha item type Books
Holdings
Withdrawn status Lost status Damaged status Not for loan Location (home branch) Sublocation or collection (holding branch) Shelving location Date acquired Koha issues (times borrowed) Koha full call number Accession No. Koha date last seen Koha item type
        VIVEKANANDA LIBRARY VIVEKANANDA LIBRARY UIET Library 10/12/2012 1 005.133 G117S(4) 322352 15/02/2024 Books
        VIVEKANANDA LIBRARY VIVEKANANDA LIBRARY UIET Library 10/12/2012 1 005.133 G117S(4) 322353 07/01/2025 Books
        VIVEKANANDA LIBRARY VIVEKANANDA LIBRARY UIET Library 10/12/2012   005.133 G117S(4) 322354 17/09/2023 Books
        VIVEKANANDA LIBRARY VIVEKANANDA LIBRARY UIET Library 10/12/2012 1 005.133 G117S(4) 322355 14/10/2023 Books
        VIVEKANANDA LIBRARY VIVEKANANDA LIBRARY UIET Library 10/12/2012 1 005.133 G117S(4) 322356 02/02/2024 Books
© Designed and Maintained by Vivekananda Library, MDU Rohtak